Tilastot visalle Suomi • A-Ö

Klikkaa tästä pelataksesi tätä visaa!

Yleistilastot

  • Tätä visaa on pelattu 377 kertaa
  • Keskiarvotulos 16 / 29

Vastaustilastot

#VinkkiVastaus#% Oikein
A"Suomen kielen isä"Mikael AgricolaA
94%
JKaupunki, jossa pidetään IlosaarirockJoensuuJ
80%
KPresidentti ennen AhtisaartaMauno KoivistoK
79%
ÄSuomen ainoa eläinpuisto, jossa voit nähdä pandojaÄhtäriÄ
77%
LNettiselain, jonka kehitti Linus TorvaldsLinuxL
77%
FKuuluisin Alvar Aallon suunnittelema konserttirakennusFinlandia-taloF
75%
PKuuluisa näköalatorni KuopiossaPuijon torniP
74%
ISeppä, joka takoi SammonIlmarinenI
73%
ÅAhvenanmaa ruotsiksiÅlandÅ
71%
YPorin kuuluisa hiekkarantaYyteriY
70%
CKirjoitti mm. kirjat "Työmiehen vaimo" ja "Hanna"Minna CanthC
69%
ENokian pääkonttorin paikkakuntaEspooE
68%
HSaari Oulun edustalla, Suomen kolmanneksi suurin pinta-alaltaanHailuotoH
63%
OMissä Savonlinnan oopperajuhlat järjestetäänOlavinlinnassaO
61%
NKansallispuisto Espoon, Kirkkonummen ja Vihdin rajallaNuuksioN
60%
ÖEhtoollisleipä eli...ÖylättiÖ
60%
VSotkamon hiihtokeskusVuokattiV
55%
SSuomen vauhdikkaimmin levyjä myynyt TangokuningasJari SillanpääS
54%
GMaalasi Kansallismuseon freskotAkseli Gallen-KallelaG
52%
BTanssija ja 'Bumtsibum'-ohjelman juontaja 1997-2005Marco BjurströmB
46%
ZTopeliuksen etunimiZachrisZ
44%
MKaupunki, josta löydät Porrassalmen taistelun taistelupaikan ja Naisvuori näköalatorninMikkeliM
42%
ROulun kuuluisa kävelykatuRotuaariR
35%
QUusimpia viljelykasvejamme on tämä Etelä-Amerikasta lähtöisin oleva "vilja", joka tunnetaan paremmin nimellä kvinoaQuinoaQ
33%
TKallioon louhittu kirkko HelsingissäTemppeliaukion kirkkoT
29%
DFinlandia-palkinnon voittanut kirjailija, elokuvaohjaaja, kansanedustaja, entinen europarlamentaarikko, diplomaatti. ..Jörn DonnerD
27%
USuomen ensimmäinen nainen eduskunnan puhemiehenä (1995-2003)Riitta UosukainenU
27%
WMuotoilija, joka suunnitteli mm. Finlandia-vodka pullon ja UltimaThule-sarjanTapio WirkkalaW
23%
XHyvinkääläinen pop-poikabändi 1990-luvullaXL5X
14%

Tulosjakauma

Persentiili vastausten määrän mukaan

Jokaisen tuloksen saaneiden osuus

Tuloshistoriasi

Et ole pelannut tätä visaa